Céline Dion en chansons # 7 - Statistiques

Statistiques générales
  • Ce quiz a été pris 2 040 fois
  • Le résultat moyen est 12 sur 28
Statistiques - réponses
Chanson Paroles % Correct
Pour que tu m'aimes encore J'ai compris tous les mots, j'ai bien compris, merci Raisonnable et nouveau, c'est ainsi par ici
90%
Sous le vent Et si tu crois que j'ai eu peur C'est faux Je donne des vacances à mon cœur Un peu de repos
79%
Un garçon pas comme les autres ( Ziggy ) Je suis folle de lui C'est un garçon pas comme les autres Mais moi je l'aime, c'est pas d'ma faute
77%
J'irai où tu iras Chez moi les forêts se balancent Et les toits grattent le ciel Les eaux des torrents sont violence Et les neiges sont éternelles
74%
My heart will go on Every night in my dreams I see you, I feel you That is how I know you go on
72%
S'il suffisait d'aimer Je rêve son visage, je décline son corps Et puis je l'imagine habitant mon décor
70%
Parler à mon père Je voudrais oublier le temps pour un soupir, pour un instant, une parenthèse après la course,
69%
Encore un soir Une photo, une date, c'est à n'y pas croire C'était pourtant hier, mentirait ma mémoire?
68%
D'amour ou d'amitié Il pense à moi, je le vois, je le sens, je le sais (je le sens, je le sais) Et son sourire me ment pas quand il vient me chercher
66%
Je sais pas Détourner des rivières, porter des poids Traverser des mers, je saurais faire
62%
Prière païenne Mais ma prière, elle est qu'à moi J'y mets tout ce que j'aime, ce que j'espère Tout ce que je crois
60%
On ne change pas Une veste ne cache qu'un peu de ce qu'on voit On ne grandit pas On pousse un peu, tout juste Le temps d'un rêve, d'un songe
47%
All by myself When I was young I never needed anyone And making love was just for fun Those days are gone
46%
I'm alive When you call on me When I hear you breath I get wings to fly I feel that ....
46%
Vole Ma douce, mon hirondelle Va-t'en loin, va t'en sereine Qu'ici rien ne te retienne
46%
Je ne vous oublie pas .... Non, jamais Vous êtes au creux de moi Dans ma vie, dans tout ce que je fais
41%
Ne partez pas sans moi Vous qui cherchez l'étoile Vous qui vivez un rêve Vous héros de l'espace
41%
Dans un autre monde Loin, loin, c'était certain Comme une immense faim, un animal instinct Oh, partir, partir et filer plus loin
36%
L'amour existe encore Quand je m'endors contre ton corps Alors je n'ai plus de doute
32%
The power of love 'Cause I'm your lady And you are my man Whenever you reach for me I'll do all that I can
23%
Les derniers seront les premiers Dans l'autre réalité Nous serons princes d'éternité
22%
Tout l'or des hommes J'ai déposé mes armes À l'entrée de ton cœur sans combat Et j'ai suivi les charmes
21%
Le ballet Tu comprends pas trop c'qui t'arrive Tu crois d'abord à une erreur Tu l'évites et lui te devine Entre le désir et la peur
17%
Zora sourit Une rue, les gens passent, les gens comme on les voit Juste un flux, une masse, sans visage, sans voix Quel étrange aujourd'hui, quelque chose, mais quoi? Désobéit, désobéit
14%
En attendant ses pas ... je mets la musique en sourdine, tout bas Trop bête, on ne sait pas, s'il sonnait Si je n'entendais pas cette fois
12%
Et s'il n'en restait qu'une Pour jouer son bonheur Et miser sa fortune Sur le rouge du cœur Pour accepter les larmes Accepter nuit et jour
6%
Where does my heart beat now ? I can't live without Without feeling it inside Where do all the lonely hearts go?
6%
Falling into you So close your eyes and let me kiss you And while you sleep I will miss you
4%
Aucun quiz correspondant
Distribution des résultats
% des personnes avec chaque résultat
Percentile par nombre de réponses
Votre historique - résultats
Vous n’avez pas pris ce quiz